000
00314nam a22001337a 4500
008
170608b xxu||||| |||| 00| 0 eng d
020
_a
9780300104363
041
_a
eng
080
_a
32
100
_a
18
101
_a
SHP
245
_a
LEO STRAUSS AND THE POLITICS OF AMERICAN EMPIRE
_c
NOTRON.A
942
_2
udc
_c
BK
999
_c
16456
_d
16456